000 00312 a2200109 4500
001 ART_9989
005 20260410161839.0
008 260409a
245 1 0 _a"Plata dulce"
100 1 _aHerrscher, Enrique G.
773 0 _tContabilidad y administración
_g- Año 7, Nº 76 (oct. 1983)
_wREV5485
999 _c23938
_d23938